[Event "CZE-ch"]
[Site "Zlin"]
[Date "1997.??.??"]
[Round "8"]
[White "Jirovsky, Milos"]
[Black "Blatny, Pavel"]
[Result "0-1"]
[WhiteElo "2505"]
[BlackElo "2540"]
[Annotator "Ribli,Z"]
[PlyCount "132"]
[EventDate "1997.06.12"]
[EventType "tourn"]
[EventRounds "11"]
[EventCountry "CZE"]
[EventCategory "10"]
[SourceTitle "CBM 061"]
[Source "ChessBase"]
[SourceDate "1997.11.23"]
[SourceVersion "1"]
[SourceVersionDate "1997.11.23"]
[SourceQuality "1"]

1. Nf3 {Blatny,P} d5 2. c4 e6 3. e3 g6 {Ein "unregelmäßiger" Aufbau. Hundert
Jahre früher sagte der ungarische Großmeister Maroczy, daß e6,und g6 zusammen
wegen der Schwächung des Feldes f6 nicht spielbar sind. Aber die Lage ist
nicht so klar...Ribli.} (3... Nf6 {Blatny,P} 4. b3 (4. Nc3 Be7 5. Be2 O-O 6.
O-O c5 7. cxd5 Nxd5 8. d3 Nc6 9. Bd2 b6 10. a3 Bf6 $11 {Nautsch,W-Winkeler,U/
NRW-I 1992/1/2-1/2 (64)}) (4. d4 Be7 5. b3 O-O 6. Bd3 c5 7. O-O Nc6 8. Bb2 b6
9. Nbd2 Bb7 10. Rc1 Rc8 11. Qe2 cxd4 12. exd4 Re8 13. Rfd1 Bf8 $11 {Kurajica,
B-Dizdar,G/CRO-Cup Pula 1995/1-0 (47)}) 4... dxc4 (4... Be7 5. Bb2 O-O 6. Qc2
Nbd7 7. d3 Re8 8. Nbd2 Bf8 9. Be2 b6 10. O-O Bb7 11. Rfd1 Rc8 12. Nf1 c5 13.
Ng3 Qc7 14. Rac1 Qb8 15. Re1 Qa8 $13 {Kessler,A-Jacobs,A/RLPF-ch Polch 1990/1/
2-1/2 (52)}) 5. Bxc4 c5 6. O-O a6 7. Bb2 Nc6 8. d4 cxd4 9. Nxd4 Nxd4 10. Qxd4
Qxd4 11. Bxd4 Bd6 12. Rd1 Ke7 13. Bb2 Rd8 14. Nc3 b5 15. Be2 Bb7 {1/2-1/2
Sobeck,G-Schultheis,H/BL2-O 1992}) 4. d4 (4. Be2 Bg7 5. O-O Ne7 6. Qc2 O-O 7.
Nc3 Nbc6 8. Rb1 d4 9. Nb5 e5 10. b4 a6 11. Na3 a5 12. bxa5 Rxa5 13. Nb5 Nb8 14.
exd4 exd4 15. d3 {Rodriguez,A-Goldin,A/Dos Hermanas 1991/1/2-1/2 (49)}) 4...
Bg7 5. Nc3 Ne7 6. Be2 O-O 7. O-O {Nach meiner persönlichen Meinung steht Weiß
in dieser Variante besser, die Hauptidee der schwarzen Spielweise ist mir
nicht klar. Unbestritten ist aber, daß er die theoretischen Hauptvarianten
vermieden hat.Ribli.} b6 (7... Nbc6 8. h3 b6 9. cxd5 Nxd5 10. Nxd5 Qxd5 11. Nd2
Bb7 12. Bf3 Qd7 13. a3 Na5 14. b4 Bxf3 15. Qxf3 Nc6 16. Bb2 Ne7 17. Rac1 c6 18.
Rc2 Rac8 19. Rfc1 {[%csl Rc6][%cal Rc2c6,Rf3c6] 1-0 Ivanka Budinsky,M-Gocheva,
R/Hajduszoboszlo ztW 1991/TD 92\07 (40)}) 8. b3 Bb7 9. Ba3 $14 {[%csl Ga3]
Weiss hat die etwas aktivere Stellung und Übergewicht im Zentrum.Ribli.} Nd7 (
9... dxc4 10. bxc4 (10. Bxc4 c5 11. Rc1 $14) 10... c5 $5 {[%csl Gg7]} 11. Rc1
Nd7 {Mit der Idee 12...Rc8.Ribli.}) 10. Rc1 Re8 {Die Feßlung auf der Diagonale
a3-f8 war unangenehm für Schwarz.Ribli.} 11. cxd5 exd5 {[%csl Rb7,Rg7] Beide
schwarzen Läufer sindt praktisch eingeschlossen. Weiß hat eine halboffene
Linie für seinen Turm.Ribli.} 12. Nb5 Nc6 $8 (12... Rc8 13. Nxa7 Ra8 14. Nb5 c6
15. Bxe7 Rxe7 (15... Qxe7 16. Nc7 $16) 16. Nd6 Rxa2 17. Nxb7 Qc7 18. Nd8 Qxd8
19. Rxc6 $16) 13. Rc2 {Weiß bereitet die Turmverdoppelung auf der c-Linie vor.
Ribli.} a6 14. Nc3 Na7 15. Qc1 {[%cal Gc1c7]} c6 16. Rd1 Nb5 17. Nxb5 $2 {
Mit diesem Zug hilft Weiß nur seinem Gegner und öffnet die a-Linie für den Ra8.
Ribli.} (17. Bb2 $142 $14) (17. Bb2 $142 $11 {Blatny,P}) 17... axb5 $11 {
Schwarz hat die theoretisch schlechtere Bauernstruktur am Damenflügel, dafür
besitzt er aber taktische Chancen auf der a-Linie.Ribli.} 18. Ne1 {[%cal Ge1d3,
Gd3b4,Gb4c6] Der Springer möchte nach b4, von wo aus er seinen Pa2 verteidigt
und den gegnerischen Pc6 angreift.Ribli.} Ra7 {[%csl Ga7]} 19. Bb4 {Weiß muß
so spielen, ansonsten kommt 19...Qa8 und 20...Rxa2. Aber jetzt nimmt der
Läufer den Platz des Springers ein.Ribli.} (19. Nd3 Qa8) 19... Qa8 20. Qb1 Nb8
{Schwarz verteidigt die Schwäche c6 und bereitet für einige Varianten Na6 vor.
Ribli.} 21. Nd3 Na6 22. Rdc1 $6 {Dieser Zug gefällt mir nicht - Weiß gibt sein
Läuferpaar ohne Grund her.} (22. Be1 $5 $14) (22. Be1 $142 {Blatny,P}) 22...
Nxb4 {^^} 23. Nxb4 Re6 24. Bf1 (24. Bg4 Rd6 (24... f5 $5)) 24... Bf8 {[%csl
Gf8][%cal Gf8a3] Diese Diagonale ist viel besser für Schwarz.Ribli.} 25. Nd3
Ba3 {[%csl Ga3]} 26. Rd1 {Schwarz hat schönen Druck am Damenflügel, aber es
ist nicht leicht, seine Position zu verbessern.} Qf8 27. g3 Re8 {Jetzt kann
Weiß - wegen des Bb4 - nicht 28.Nb4 ziehen und den Pc6 angreifen. So kann
Schwarz seinen Turm befreien.} 28. Rc3 Qd6 (28... Bd6 $15 {Blatny,P}) 29. b4
$13 {Es ist klar, daß Weiß gegen den Ba3 speilt. Andererseits stellt der Pb4
eine Schwäche dar.} Ra4 30. Rb3 Bc8 $1 $15 {[%cal Gc8f5,Gf5b1]} 31. Ne5 (31.
Qc2 $5 Bf5 32. Qc3 Rea8 {[%cal Ga8a2]} (32... Bxd3 33. Rxa3 Rxa3 (33... Bxf1
34. Rxa4 Be2 35. Re1 bxa4 36. Rxe2 $11) 34. Qxa3 Bxf1 35. Rxf1 $11) 33. Ne5
Bxb4 34. Qxc6 Rxa2 35. Qxd6 (35. Bxb5 $2 Bc2 $17) 35... Bxd6 36. Rxb5) 31...
Kg7 32. Qc2 {[%csl Rc6]} Bb7 33. h4 $6 {Dieser Zug schwächt die weiße
Königsstellung.Ribli.} f6 {Zu seinem Bedauern muß sich der Stolz der weißen
Stellung, der Ne5, züruckziehen.Ribli.} 34. Nd3 Bc8 {Der schwarze Läufer
erscheint zum zweiten Mal auf dieser Diagonalen.} (34... Bxb4 {Blatny,P} 35.
Nxb4 Rxb4 36. Rxb4 Qxb4 $17) 35. Qc3 Bg4 $8 36. Re1 (36. Rdb1 {Blatny,P} Rea8 (
36... Rxe3 37. fxe3 Qxg3+ 38. Bg2 Qxe3+ 39. Nf2 $18) 37. Ne1 {/\ץa3}) 36...
Rea8 {Jetzt ist der Ba3 verteidigt, und es droht 37...Bf5.Ribli.} 37. Reb1 Bf5
{[%csl Gf5] Diese Stellung weist das Merkmal beiderseitigen Zugzwangs auf.
Schwarz muß die beiden Türme auf der a-Linie halten, weil sonst sein Ba3 hängt.
Andererseits muß Weiß mit beiden Türmen auf der b-Linie bleiben, sonst droht
Verlust auf b4.} 38. Qd2 Be4 {Schwarz hat freie Hand am Königsflügel und macht
mit dem folgenden g6-g5 Gebrauch davon.Ribli.} 39. Qc3 Qd7 40. Re1 Qd6 41. Reb1
{Weiss kann mit Zugwiederholung zufrieden sein.Ribli.} h6 42. Bg2 Bf5 (42...
Bxg2 $2 43. Kxg2 $11) 43. Bf3 g5 $1 {Dank des fehlerhaften 33.Zuges seines
Gegners hat Schwarz aktives Spiel am Königsflügel.Ribli.} 44. hxg5 hxg5 45. g4
{><g4} (45. Be2 Be4 $17 {[%csl Ge4]}) 45... Be4 $5 (45... Bxd3 46. Qxd3 Rxb4
$17 47. Rxa3 $2 Rxa3 48. Qxa3 Rxb1+ $19) 46. Bxe4 dxe4 47. Ne1 Qe6 $17 {
[%csl Ge6,Rg1,Rg4]} 48. f3 exf3 49. Kf2 Rh8 $40 (49... Qc4 $5 {Blatny,P}) 50.
Nxf3 (50. Rxa3 Qxg4 51. Nxf3 Rh3 52. e4 $8 Qg3+ $19 (52... Qg3+ {Blatny,P} 53.
Kf1 Rh1+ 54. Ke2 Qg2+ 55. Ke3 Rh3 $19)) 50... Rh3 51. Rg1 {Weiß muß den Pg4 um
jeden Preis halten.Ribli.} (51. Rxa3 Qxg4) 51... Qc4 $1 52. Kg2 {[#]} (52. Qxc4
bxc4 53. Rbb1 (53. Rc3 Bxb4 (53... b5 $17) 54. Rc2 $17 (54. Rxc4 Rxa2+ $19))
53... Bxb4 $17 {[%csl Ra2]}) (52. Rxa3 {Blatny,P} Rxa3 53. Qxa3 Qc2+ 54. Ke1
Rxf3 $19) 52... Qe2+ {Sonst kann Weiß den schwarzen Angriff abwehren.Ribli.}
53. Kxh3 Qxf3+ 54. Kh2 Ra8 $1 {[%cal Ra8h8,Rh8h2] [#]} 55. Rg2 $8 Rh8+ 56. Kg1
Qd1+ 57. Kf2 Rh3 {[%cal Rh3f3]} 58. Rg3 $8 Rh1 (58... Rh2+ 59. Rg2 $11) 59. Rg2
Bc1 $1 {Der tschechische Großmeister - und Meister in dieser
Mannschaftsmeisterschaft - besitzt überlegenen Angriff.Ribli.} (59... f5 $3 {
Blatny,P Fritz} 60. d5+ (60. gxf5 $140 $2 Rf1+ 61. Kg3 Qf3+ 62. Kh2 Qh5+ 63.
Kg3 Qh4#) 60... Kg8 61. Kg3 (61. Rxa3 Qf1+ 62. Kg3 f4+ 63. exf4 gxf4#) 61...
fxg4 $19) 60. Rb1 (60. Kg3 Rh4 (60... Rf1 {Blatny,P} 61. Rf2 Rg1+ 62. Rg2 Rxg2+
$5 (62... Rf1 $11) 63. Kxg2 Qe2+ 64. Kg3 Bd2 $13) 61. Kf2 Rh3) 60... Rh3 (60...
f5 $1 {Blatny,P} 61. d5+ Kh7 62. Rxc1 Rf1+ 63. Kg3 Qxg4+ 64. Kh2 Qh4#) (60...
Rf1+ {Blatny,P} 61. Kg3 Qf3+ (61... f5 $1) 62. Kh2 Qe4 $19 {-game}) 61. Rg3 Rh1
(61... Rh2+ {Blatny,P} 62. Rg2 Rxg2+ 63. Kxg2 Qxg4+ 64. Kh2 (64. Kf2 Qf5+ 65.
Ke2 Qxb1 $19) 64... Qe2+ 65. Kg3 Bxe3 $19) 62. Rg2 (62. Rxc1 $1 {Blatny,P} Qxc1
63. Qxc1 Rxc1 64. Rg2 $1 $15) 62... Rf1+ $1 (62... Rh3 63. Rg3 Rh2+ $11) (62...
f5 {Blatny,P}) 63. Kg3 Qf3+ (63... f5 $142 $1 {Blatny,P /\#}) 64. Kh2 Qe4 $3
$19 {[%cal Re4b1,Re4h7,Rh7h2] Droht Turmgewinn auf b1 und ein geheimes Schach
auf h7 mit Matt.Ribli.} 65. Qc2 (65. Rxc1 Qh7+ 66. Kg3 Qh4#) 65... Qxe3 66. Qe2
(66. Qxc6 Rf3 {[%cal Rf3h3]} 67. Qb7+ Kh6 68. Qxf3 Qxf3 69. Rxc1 Qf4+ $19) (66.
Rb3 Qe1 $19 {[%csl Rh2]}) (66. Rxc1 {Blatny,P} Qf4+ 67. Rg3 Rxc1 $19) 66...
Qf4+ {Und Weiß gab auf, weil er die Dame geben muß.Ribli.} 0-1

[Event "Madrid"]
[Site "Madrid"]
[Date "1994.??.??"]
[Round "6"]
[White "Bareev, Evgeny"]
[Black "Shirov, Alexei"]
[Result "0-1"]
[WhiteElo "2685"]
[BlackElo "2715"]
[Annotator "Ribli,Z"]
[PlyCount "82"]
[EventDate "1994.05.??"]
[EventType "tourn"]
[EventRounds "9"]
[EventCountry "ESP"]
[EventCategory "15"]
[SourceTitle "CBM 041"]
[Source "ChessBase"]
[SourceDate "1994.08.01"]
[SourceVersion "1"]
[SourceVersionDate "1994.08.01"]
[SourceQuality "1"]

1. c4 e6 2. g3 d5 3. Bg2 c6 4. Qc2 (4. Nf3 Nf6 (4... dxc4 $5) 5. b3 a5 6. O-O
a4 7. Na3 $13 {Agdestein,S-Nogueiras,J/Biel izt/1993/CBM37/INF59,12/}) 4...
dxc4 5. Qxc4 b5 6. Qc2 Bb7 7. a4 (7. d3 Nf6 8. Nc3 a6 9. a4 Be7 10. Nf3 Nbd7
$10 {Kortschnoj,V-Shirov,A/Biel/1992/CBM31/INF55,09/}) 7... a6 8. Nc3 Nd7 (8...
Nf6 $2 9. axb5 axb5 10. Rxa8 Bxa8 11. Nxb5 $18) 9. axb5 axb5 10. Rxa8 Qxa8 11.
Nf3 Ngf6 12. O-O Be7 13. b3 (13. d4 O-O 14. e4 b4 15. Na4 c5 $13) 13... O-O 14.
Bb2 Rc8 15. Ra1 (15. d3 $5) 15... Qb8 16. Nd4 (16. d3 c5 $10) 16... h6 17. d3
Ne5 18. Qc1 Ned7 19. Qd2 (19. Qc2 Ne5 $10) 19... Nc5 20. Qc2 (20. b4 Na6 21.
Na2 c5 $13) 20... Na6 21. Rc1 Nb4 22. Qd2 Rd8 23. Nc2 (23. Nf3 c5 $10) 23...
Nxc2 24. Qxc2 c5 $1 25. Bxb7 Qxb7 26. Nb1 (26. Nd1 Nd5 $10) 26... Nd5 27. Rd1
Bg5 28. h4 (28. Nd2 $2 Ne3 29. fxe3 Bxe3+ 30. Kf1 Qh1#) (28. e3 Bxe3 29. fxe3
Nxe3 $19) 28... Be3 29. Nd2 Bd4 30. Ne4 (30. Nf3 Bxb2 31. Qxb2 b4 $17) 30...
Qb6 31. Qc1 (31. e3 Bxb2 32. Qxb2 b4 $17) 31... f5 $1 32. Nc3 Qd6 $1 33. Kg2 (
33. Nxd5 Qxg3+ $19) 33... Qe5 34. Nxd5 Bxb2 35. Ne7+ Kf7 36. Nc6 Qd5+ 37. e4
Qxc6 38. Qxb2 fxe4 39. d4 e3+ 40. Kg1 (40. f3 Qd5 $19) 40... Qf3 $1 41. Rf1 Kg8
$1 0-1

[Event "Bundesliga 0102"]
[Site "Germany"]
[Date "2002.04.27"]
[Round "14.3"]
[White "Andersson, Ulf"]
[Black "Bunzmann, Dimitrij"]
[Result "1-0"]
[WhiteElo "2601"]
[BlackElo "2509"]
[Annotator "Ribli,Z"]
[PlyCount "131"]
[EventDate "2001.10.06"]
[EventType "team-tourn"]
[EventRounds "15"]
[EventCountry "GER"]
[SourceTitle "CBM 089"]
[Source "ChessBase"]
[SourceDate "2002.08.12"]
[SourceVersion "1"]
[SourceVersionDate "2002.08.12"]
[SourceQuality "1"]
[WhiteTeam "Porz"]
[BlackTeam "Stuttgart"]
[WhiteTeamCountry "GER"]
[BlackTeamCountry "GER"]

1. Nf3 Nf6 2. c4 e6 3. g3 a6 {Dieser Bauernzug wurde seinerzeit von GM
Romanishin in die Turnierpraxis eingeführt. Schwarz bereitet damit b7 - b5 vor.
Der Textzug führt zu etwas ungewöhnlichen Stellungen. Die Hauptfortsetzungen 3.
..d5 und 3... b6 sind sicherer für Schwarz.} 4. Bg2 (4. Nc3 d5) 4... b5 5. b3
Bb7 (5... c5 $5 {Dieser Zug kommt ebenfalls in Betracht - denn hier kann
Schwarz den Pb5 nach 6.Nc3 mit 6...Qb6 verteidigen.}) 6. Nc3 {Mit diesem Zug
provoziert Weiß den Zug 6...b4.} b4 (6... bxc4 7. bxc4 c5 8. Rb1 Bc6 9. O-O Be7
10. Re1 d6 11. e4 $14) (6... Bb4 7. Bb2) 7. Na4 {[%csl Ga4]} Be7 (7... d6 8. d4
Nbd7 (8... Be4 9. O-O Nbd7 10. Nd2 Bxg2 11. Kxg2 g6 12. e4 Bg7 13. f4 O-O 14.
Bb2 {1/2-1/2 Filippov,V-Tunik,G/Vladivostok 1995/CBM 50 (58)}) 9. O-O Be7 10.
a3 a5 11. Bd2 c5 12. dxc5 dxc5 13. Bf4 O-O 14. Ne5 $14 {0-1 Andersson,
U-Kortschnoj,V/Tilburg 1987/CBM 04 (40)}) 8. O-O O-O 9. d4 {Wir haben eine der
Damenindischen Verteidigung ähnliche Stellung erreicht, jedoch ist in unserer
Partie der schwarze Damenflügel geschwächt.} (9. Bb2 d6 10. d4 Nbd7 11. a3 bxa3
12. Bxa3 Ra7 13. Ra2 Qa8 14. Qa1 Ne4 15. Rd1 f5 16. Bb2 Ndf6 17. Nc3 Nxc3 18.
Bxc3 Ne4 19. Ba5 Bc6 20. Qc1 Qb7 21. Qe3 {1/2-1/2 Stangl,M-Galliamova,A/Oakham
1990/CBM 16 ext (52)}) 9... a5 (9... d6 10. Be3 (10. a3 a5 11. axb4 axb4 12.
Bd2 (12. Bb2 $5 Nbd7 13. Ne1 $14) 12... c5 13. dxc5 dxc5 14. Be3 (14. Bf4 $5)
14... Nbd7 {1/2-1/2 Permiakov,V-Krivonosov,O/LAT 1994/CBM 41/[Ribli] (26)})
10... Nbd7 11. Rc1 Nb6 12. Nxb6 cxb6 13. Ne1 Bxg2 14. Nxg2 d5 15. Qd3 a5 16. f3
a4 17. Bf2 {1-0 Vaganian,R-Tolnai,T/Saint John 1988/CBM 06 (47)}) (9... Be4 10.
Nh4 Bxg2 11. Nxg2 d6 12. a3 bxa3 13. Bxa3 c6 14. Nf4 Nbd7 15. Qc2 Nb6 16. Bb4
Nxa4 17. Rxa4 $14 {1-0 Ribli,Z-Speelman,J/Belfort 1988/CBM 08 (67)}) (9... h6
10. Bb2 Bc6 11. Ne5 Bxg2 12. Kxg2 a5 13. e3 d6 14. Qf3 Ra7 15. Nd3 Nbd7 16.
Rfd1 d5 17. Rac1 {1/2-1/2 Konopka,M-Stocek,J/Lazne Bohdanec 1997/CBM 57 (34)})
10. Bg5 $5 {[%mdl 4] Eine interessante strategische Idee - anschließend möchte
Weiß seinen Läufer gegen den Ng5 abtauschen, um ein noch stärkeres
Bauernzentrum errichten zu können.} (10. Bb2 d6 11. Rc1 Nbd7 12. Ne1 Bxg2 13.
Nxg2 c5 14. Ne3 Qc7 15. Qd3 (15. d5 $5) 15... cxd4 16. Bxd4 Nc5 17. Bxc5 dxc5
18. Rfd1 Qc6 19. Nf1 Rad8 20. Qc2 h5 {1/2-1/2 Stangl,M-Aseev,K/Brno 1991/CBM
26/[Ribli] (33)}) 10... Na6 (10... d6) (10... Ne4) 11. Ne5 Bxg2 (11... Qc8 $6
12. Bxb7 Qxb7 13. Bxf6 gxf6 14. Nf3 $14 (14. Nd3 $14) (14. Nxd7 $4 Rfd8 $19))
12. Kxg2 Qc8 (12... d6 13. Nc6 Qd7 14. Nxe7+ Qxe7 15. e4 $14) 13. e3 $14 {
Weiß hat ein starkes Bauernzentrum und aktives Figurenspiel. Der schwarze Na6
steht nicht sonderlich gut, aber die schwarze Stellung ist alles in allem
solide.} h6 (13... Qb7+ 14. Qf3 Qxf3+ 15. Kxf3 $14) 14. Bxf6 Bxf6 15. Ng4 (15.
f4) 15... Be7 16. f4 {Droht 17.f5 mit Initiative.} f5 (16... d6 17. Qf3 f5 18.
Nf2 $14) 17. Ne5 Bf6 (17... d6 $6 18. Nc6 $14 {[%csl Gc6]} (18. Ng6 $14)) 18.
Qf3 {[%csl Gf3][%cal Gf3a8] Die weiße Dame steht sehr aktiv auf der großen
Diagonale.} Ra7 19. Rad1 Qe8 (19... Bxe5 20. dxe5 $14 {[%cal Gd1d7]}) 20. h4
Nb8 (20... h5) 21. h5 {[%csl Yg6] Jetzt droht 22.Ng6 mit starkem positionellen
Druck.} Bxe5 22. dxe5 {[%cal Gd1d7] Jetzt ist zwar alles in der schwarzen
Stellung verteidigt, aber Weiß übt spürbar positionellen Druck aus - der Pd7
ist eine potentielle Schwäche.} Qe7 23. e4 fxe4 (23... Nc6 24. exf5 Rxf5 25.
Qd3 Rf7 (25... Rxh5 $2 26. Qxd7 Qxd7 27. Rxd7 $18 {[%csl Gd7][%cal Ra4c5,Rc5e6]
}) 26. Qe3 $14 {Auf diese Weise gelangen wir - durch Zugumstellung - zu
unserer Partie zurück.}) 24. Qxe4 Nc6 25. Qd3 Rf7 (25... Rd8 $14) 26. Qe3 Ra8 (
26... d6 27. Qe4 $14 (27. exd6 cxd6 28. Rfe1 e5 29. Qe4 $14)) 27. Rd3 Rf5 (
27... d6 28. exd6 cxd6 29. Rfd1 Rd8 30. Qb6 $16) 28. Nc5 Rd8 29. Rfd1 Nb8 {
Schwarz muss den Pd7 verteidigen - seine Stellung ist sehr passiv, so dass er
praktisch keine Hoffnungen auf Gegenspiel hat.} 30. g4 Rf7 31. Kg3 {Der weiße
König befindet sich auf g3 in Sicherheit und verhindert den Ausflug der
schwarzen Dame nach h4.} Rdf8 32. Rf1 (32. Nxd7 Nxd7 (32... Rxf4 $2 33. Nxf8
$18) 33. Rxd7 Qxd7 34. Rxd7 Rxd7 {Weiß hat zwar einen Bauern mehr, aber die
beiden Türme sind stark.}) 32... Qe8 33. Rf2 Qe7 34. Rdd2 Qe8 35. Qe2 Qe7 36.
Qe3 Qe8 37. Rf3 Qe7 38. Rd1 {Weiß spielt auf Zeitgewinn und hält die Stellung
mit kleinen Zügen.} Qe8 39. Rd2 Qe7 40. Rd1 Qe8 41. Nd3 {Es droht eventuell 42.
Qa7 mit Doppelangriff auf die Bauern a5 und c7.} Nc6 42. Qe4 Qb8 $6 {Schwarz
setzt auf taktische Gegenchancen. Meiner Meinung täte er aber besser daran,
mit 42...Qe7 das folgende 43.Nc5 zu verhindern.} (42... Qe7 $5 $14) 43. Nc5 Qb6
{Das ist die Pointe des schwarzen Spiels.} (43... Nxe5 44. Qxe5 d6 45. Qxe6
dxc5 46. Rd7 $16) 44. Qe3 $1 (44. Nxd7 $2 Rxd7 45. Rxd7 Qg1+ 46. Kh3 (46. Kh4
Qh1+ $11 (46... Qh2+ 47. Rh3 Qf2+ $11)) 46... Qh1+ $11) 44... Nb8 (44... Nxe5
45. Qxe5 d6 46. Qxe6 Qxc5 47. f5 $14 (47. Qd5 $14)) 45. Nd3 Nc6 (45... Qxe3 46.
Rxe3 Nc6 47. Re4 $16 {[%cal Rd3c5,Rc5d7]}) 46. Nc5 (46. Qxb6 $5 cxb6 47. Ne1
$16) 46... Nb8 (46... Nxe5) 47. Rd2 Re8 48. Nd3 Nc6 49. Qxb6 cxb6 50. Nf2 {
[%csl Yd6,Rd7][%cal Gf2e4,Ge4d6]} Ref8 {Jetzt droht 51...Nxe5.} 51. Rdd3 Ra8 {
[%cal Ga5a4]} 52. Ne4 a4 53. Nd6 {[%csl Gd6]} Rff8 54. Nb5 Rfd8 (54... Rf7 $14)
55. Rd6 Kf8 56. Rfd3 Ke7 57. Nd4 $1 axb3 58. axb3 Nxd4 59. R3xd4 $16 {[%mdl
4096] Weiß macht nach wie vor starken Druck auf der d - Linie und besitzt die
Bauernmehrheit am Königsflügel.} Rab8 60. f5 $22 {Schwarz befindet sich in
Zugzwang.} b5 61. c5 (61. cxb5 Rxb5 62. Kf4 $18) 61... Rbc8 62. c6 $18 Rc7 (
62... Rxc6 63. Rxc6 dxc6 64. f6+ gxf6 65. exf6+ Ke8 66. f7+ $18) 63. Rxd7+
Rdxd7 64. Rxd7+ Rxd7 65. cxd7 Kxd7 66. Kf4 (66. Kf4 Ke7 67. g5 $18 (67. Ke4 Kd7
68. Kd4 $18)) 1-0

[Event "Lippstadt"]
[Site "Lippstadt"]
[Date "1994.??.??"]
[Round "6"]
[White "Arkhipov, Sergey"]
[Black "Boensch, Uwe"]
[Result "0-1"]
[WhiteElo "2530"]
[BlackElo "2535"]
[Annotator "Ribli,Z"]
[PlyCount "98"]
[EventDate "1994.06.??"]
[EventType "tourn"]
[EventRounds "11"]
[EventCountry "GER"]
[EventCategory "8"]
[SourceTitle "CBM 043"]
[Source "ChessBase"]
[SourceDate "1994.12.01"]
[SourceVersion "1"]
[SourceVersionDate "1994.12.01"]
[SourceQuality "1"]

1. c4 e6 2. g3 d5 3. Bg2 dxc4 4. Qa4+ Nd7 5. Qxc4 c5 6. Qc2 Rb8 7. Nf3 Ngf6 (
7... b5 $5 8. O-O Bb7 9. a4 a6 10. d4 Qb6 $10 {Schlosser,P-Blatny,P/Brno/1992/
CBM31/INF56,15/}) 8. O-O b6 9. d4 Bb7 10. Nc3 a6 11. Rd1 (11. e4 $5 cxd4 12.
Nxd4 $13) 11... cxd4 12. Nxd4 Bxg2 13. Kxg2 Qc8 14. f3 Bc5 15. Ne4 (15. Be3 O-O
16. Rac1 Qb7 $10) 15... O-O (15... Nxe4 16. Qxe4 O-O 17. Bf4 Nf6 18. Qc6 Bxd4
19. Qxc8 Rbxc8 20. Rxd4 Rc2 21. Rd2 Rxd2 22. Bxd2 Rc8 $10) 16. Nxc5 (16. Nxf6+
Nxf6 17. Be3 $10) 16... bxc5 17. Nb3 Nd5 18. e4 Nb4 19. Qe2 (19. Qc4 Qb7 20.
Nxc5 Nxc5 21. Qxc5 Rfc8 $44) 19... Nxa2 $1 20. Rxa2 Rxb3 21. Qxa6 (21. Rxa6 c4
22. Ra4 Ne5 $15) 21... Ne5 $1 22. Qxc8 Rxc8 23. Ra3 c4 $1 24. Rd2 $2 (24. Rxb3
cxb3 25. Bf4 $5 (25. f4 $6 Rc2+ 26. Kh3 Nc6 $17) 25... Rc2+ 26. Kh3 f6 (26...
Nc6 27. Rd3 $1 Rxb2 28. Rc3 Rc2 29. Rxb3 $10) 27. Bxe5 fxe5 $15) 24... Nxf3 $1
25. Rxb3 Nxd2 26. Re3 Nb3 $19 27. Rc3 e5 28. Be3 f6 29. g4 g6 30. Kf1 Kf7 31.
Ke1 Ke6 32. Bf2 Rc6 33. Rh3 Nc1 34. Kd2 Nd3 35. Be3 Nxb2 36. Kc2 c3 37. Bc1 Na4
38. Rxh7 Nc5 39. h4 Nxe4 40. Rg7 g5 41. hxg5 (41. h5 Ra6 42. h6 Ra2+ 43. Kb3
Rh2 $19) 41... Nxg5 42. Bxg5 fxg5 43. Rxg5 Kd5 44. Rh5 (44. Rg8 Kd4 45. g5 e4
46. g6 Ke3 47. g7 Rc7 $19) 44... Kd4 45. g5 Ra6 46. Rh4+ e4 47. Rg4 Ra2+ 48.
Kb3 Rb2+ 49. Ka3 Rb8 0-1

[Event "Capablanca Memorial-A"]
[Site "Cienfuegos"]
[Date "1991.??.??"]
[Round "11"]
[White "Nogueiras Santiago, Jesus"]
[Black "Arencibia Rodriguez, Walter"]
[Result "1-0"]
[WhiteElo "2535"]
[BlackElo "2560"]
[Annotator "Ribli,Z"]
[PlyCount "80"]
[EventDate "1991.??.??"]
[EventType "tourn"]
[EventRounds "13"]
[EventCountry "CUB"]
[EventCategory "10"]
[SourceTitle "CBM 026"]
[Source "ChessBase"]
[SourceDate "1992.02.01"]
[SourceVersion "1"]
[SourceVersionDate "1992.02.01"]
[SourceQuality "1"]

1. c4 e6 2. g3 d5 3. Bg2 g6 4. Nf3 Bg7 5. O-O Ne7 6. d4 O-O 7. Nbd2 (7. Qc2 b6
8. Rd1 Bb7 9. cxd5 exd5 10. b4 Nd7 11. Bb2 c6 12. Nc3 a5 13. b5 $14 {Horvath,
C-Nikcevic,N Niksic 1991 CBM/24}) 7... Nbc6 8. e3 b6 (8... a5 $6 9. b3 b6 10.
Bb2 Bb7 11. a3 Qd7 12. Qc2 $14 {Kortschnoj,V-Short,N Skelleftea WCup 1989 CBM/
26 48/(4)}) (8... Re8 $5) 9. Rb1 a5 10. b3 Ba6 (10... Bb7 $5) 11. Bb2 Rc8 12.
Ba1 b5 $6 13. cxd5 exd5 14. Bh3 Ra8 15. Rc1 Nb4 16. a3 Nd3 17. Rc2 Qd6 18. Qb1
$1 b4 (18... Qxa3 19. Rxc7 $18) 19. a4 f5 20. Rd1 g5 $2 (20... h6 $5) 21. Nxg5
Nxf2 22. Kxf2 Bd3 23. Ngf3 Rae8 24. Rc6 $1 Bxb1 25. Rxd6 Bc2 26. Rc1 cxd6 27.
Rxc2 Rc8 28. Rxc8 Rxc8 29. Ne1 Kf7 30. Ke2 Bh6 31. Ng2 Re8 32. g4 Kf6 33. Nf3
Ng6 34. Kd3 Rc8 35. Nge1 Ne7 36. Ng1 Ng6 37. Ne2 Bg5 38. Bg2 Ne7 39. Nf3 h5 $2
(39... fxg4) 40. h4 Bh6 1-0

[Event "Niksic"]
[Site "Niksic"]
[Date "1991.??.??"]
[Round "8"]
[White "Horvath, Csaba"]
[Black "Nikcevic, Nebojsa"]
[Result "1-0"]
[WhiteElo "2460"]
[BlackElo "2440"]
[Annotator "Ribli,Z"]
[PlyCount "50"]
[EventDate "1991.04.??"]
[EventType "tourn"]
[EventRounds "13"]
[EventCountry "YUG"]
[EventCategory "9"]
[SourceTitle "CBM 024"]
[Source "ChessBase"]
[SourceDate "1991.10.01"]
[SourceVersion "1"]
[SourceVersionDate "1991.10.01"]
[SourceQuality "1"]

1. Nf3 d5 2. c4 e6 3. g3 g6 4. Bg2 Bg7 5. d4 Ne7 6. O-O O-O 7. Qc2 $1 (7. Nc3
Nbc6 8. e3 $1 (8. cxd5 exd5 9. b3 Bg4 10. e3 Qd7 11. Ba3 Rfe8 12. Rc1 Nd8 13.
h3 Bxf3 14. Qxf3 c6 $13 {Smejkal,J-Short,N Prague 1990 CBM/20}) 8... b6 9. cxd5
exd5 10. a3 a5 11. b3 h6 12. Ne1 Be6 13. Nd3 g5 14. Bb2 Qd7 15. Rc1 Rac8 16.
Re1 $14 {Dorfman-Vaiser Moskva GMA 1989 47/(11)}) 7... b6 8. Rd1 Bb7 9. cxd5
exd5 10. b4 $1 Nd7 11. Bb2 c6 12. Nc3 a5 13. b5 $1 c5 14. dxc5 bxc5 15. e3 Qc7
16. Rac1 Rfc8 17. Na4 $1 $14 Bxb2 18. Qxb2 Qd6 19. Qa3 Rc7 20. Nd2 $1 Nf5 21.
Ne4 Qe7 22. b6 Rc6 23. Nec3 d4 24. exd4 cxd4 25. Qxe7 Nxe7 1-0